MARC

LEADER 00000nam0a2200000 4500
001 351407
005 20231102010412.0
035 |a (RuTPU)RU\TPU\retro\6439 
090 |a 351407 
100 |a 20190604d1963 k y0rusy50 ca 
101 0 |a rus 
102 |a RU 
105 |a y z 001zy 
200 1 |a Развитие представлений об ударной ионизации в твердых диэлектриках и полупроводниках  |e [оттиск статьи]  |f А. А. Воробьев  |g Академия наук СССР (АН СССР), Институт истории естествознания (ИИЕ АН СССР) 
210 |a Москва  |c Изд-во Академии наук СССР  |d 1963 
215 |a С. 37-48 
225 1 |a Вопросы истории естествознания и техники  |v Вып. 14 
316 |5 63413507: ШкА2/514  |a Пометы в тексте 
317 |5 63413507: КР-6509  |a Поступил в НТБ в 1987 г. в дар от вдовы ученого Е. К. Завадовской 
320 |a Библиогр. в конце ст. 
606 1 |a Диэлектрики твердые  |x Ионизация  |2 stltpush  |3 (RuTPU)RU\TPU\subj\9793  |9 36963 
610 1 |a физика 
610 1 |a полупроводники 
610 1 |a ударная ионизация 
610 1 |a пробой 
610 1 |a ионы 
610 1 |a электроны 
610 1 |a библиотека А. А. Воробьева 
610 1 |a коллекция ТПУ 
610 1 |a труды учёных ТПУ 
610 1 |a оттиски 
675 |a 537.226  |v 4 
700 1 |a Воробьев  |b А. А.  |c российский физик  |c ректор Томского политехнического института, профессор  |f 1909-1981  |g Александр Акимович  |x TPU  |2 stltpush  |3 (RuTPU)RU\TPU\pers\12805 
712 0 2 |a Академия наук СССР (АН СССР)  |b Институт истории естествознания (ИИЕ АН СССР)  |c (Москва)  |c (1944-1953)  |2 stltpush  |3 (RuTPU)RU\TPU\col\14063 
801 1 |a RU  |b 63413507  |c 20190604 
801 2 |a RU  |b 63413507  |c 20200710  |g RCR 
942 |c BK